|
|
|
|
| LEADER |
01226nam a22003374a 4500 |
| 001 |
EBC3012324 |
| 003 |
MiAaPQ |
| 005 |
20200520144314.0 |
| 006 |
m o d | |
| 007 |
cr cn||||||||| |
| 008 |
020624n2002 gw sb 001 0 eng |
| 010 |
|
|
|z 2002444706
|
| 020 |
|
|
|z 9221127109
|
| 035 |
|
|
|a (MiAaPQ)EBC3012324
|
| 035 |
|
|
|a (Au-PeEL)EBL3012324
|
| 035 |
|
|
|a (CaPaEBR)ebr10004919
|
| 035 |
|
|
|a (CaONFJC)MIL2850
|
| 035 |
|
|
|a (OCoLC)927199018
|
| 040 |
|
|
|a MiAaPQ
|c MiAaPQ
|d MiAaPQ
|
| 050 |
|
4 |
|a HD3656
|b .V66 2002
|
| 100 |
1 |
|
|a Von Richthofen, W.
|
| 245 |
1 |
0 |
|a Labour inspection
|h [electronic resource] :
|b a guide to the profession /
|c Wolfgang von Richthofn.
|
| 260 |
|
|
|a Geneva :
|b International Labour Office,
|c 2002.
|
| 300 |
|
|
|a xv, 362 p.
|
| 504 |
|
|
|a Includes bibliographical references (p. 341-348) and index.
|
| 533 |
|
|
|a Electronic reproduction. Ann Arbor, MI : ProQuest, 2015. Available via World Wide Web. Access may be limited to ProQuest affiliated libraries.
|
| 650 |
|
0 |
|a Labor inspection.
|
| 650 |
|
0 |
|a Factory inspection.
|
| 655 |
|
4 |
|a Electronic books.
|
| 710 |
2 |
|
|a ProQuest (Firm)
|
| 856 |
4 |
0 |
|u https://ebookcentral.proquest.com/lib/matrademy/detail.action?docID=3012324
|z Click to View
|